| 000 | 01801cam a22004451a 4500 | ||
|---|---|---|---|
| 001 | 0000000092 | ||
| 005 | 20170406112349.0 | ||
| 008 | 030227r19811925caum a000 f eng d | ||
| 020 | _a0151009988 | ||
| 020 | _a9780151009985 | ||
| 020 | _a0151628602 | ||
| 020 | _a9780151628605 | ||
| 020 | _a0156628708 | ||
| 020 | _a9780156628709 | ||
| 020 | _a060621562X | ||
| 020 | _a9780606215626 | ||
| 035 | _a(OCoLC)51759774 | ||
| 035 |
_a(OCoLC)51759774 _z(OCoLC)8147519 _z(OCoLC)48581914 _z(OCoLC)51760781 _z(OCoLC)311509937 |
||
| 040 |
_aIF9 _beng _cIF9 _dAKC _dOCLCQ _dBAKER _dBTCTA _dYDXCP _dOCLCG _dRRR _dTXJ _dCUD _dLPU _dNCM _dIXA _dIJV _dTTS _dHTPCL _dOCLCA _dOCLCQ _dOSC |
||
| 043 | _ae-uk-en | ||
| 050 | 4 |
_aPR6045.O72 _bM57 1981 |
|
| 100 | 1 |
_aWoolf, Virginia, _d1882-1941. |
|
| 245 | 1 | 0 |
_aMrs. Dalloway / _cVirginia Woolf ; foreword by Maureen Howard. |
| 260 |
_aSan Diego : _bHarcourt, _c[1981] |
||
| 300 |
_axiv, 197 p. ; _c20 cm. |
||
| 490 | 1 | _aA Harvest book. | |
| 500 | _a"A Harvest book.". | ||
| 520 | _aMrs. Clarissa Dalloway, occupied with the last-minute details of party preparation, finds her thoughts on a very different route through the past. | ||
| 650 | 0 |
_aMarried women _zEngland _vFiction. |
|
| 650 | 0 |
_aWomen _vFiction. |
|
| 651 | 0 |
_aEngland _xSocial life and customs _y20th century _vFiction. |
|
| 655 | 0 | _aDomestic fiction. | |
| 655 | 0 | _aPsychological fiction. | |
| 776 | 0 | 8 |
_iOnline version: _tMrs. Dalloway. _dSan Diego : Harcourt, [1981] _w(OCoLC)606459589. |
| 830 | 0 | _aHarvest book. | |
| 856 | 4 |
_zConnect to related web site _uhttp://www.virginiawoolfsociety.co.uk/ _2http |
|
| 908 | _a130103 | ||
| 913 | _aN | ||
| 989 | 7 | _amrs_dalloway_____________________________________________________1981197____haa_______________________________ | |
| 999 |
_c74 _d74 |
||